| 000 | 00000nam##2200000za#4500 |
| 001 | 9.600958 |
| 003 | CaOODSP |
| 005 | 20220901164721 |
| 007 | cr ||||||||||| |
| 008 | 150406|1995||||xxc|||||o f|0| 0 fre|d |
| 040 | |aCaOODSP|bfre |
| 043 | |an-cn--- |
| 086 | 1 |aJ3-8/1995-11F-PDF |
| 110 | 1 |aCanada.|bJustice Canada. |
| 245 | 10|aLes crimes motivés par la haine au Canada : |h[ressource électronique]|bun préjudice disproportionné : un analyse des statistiques récentes / |c[par] Julian V. Roberts. |
| 260 | |aOttawa - Ontario : |bJustice Canada |c1995. |
| 300 | |a101p.|btableaux |
| 490 | 1 |aDocument de travail|vWD1995-11f |
| 504 | |aBibliographie. |
| 590 | |a11-07-Supp|b2011-05-17 |
| 720 | 1 |aRoberts, Julian V. |
| 775 | 08|tDisproportionate harm : |w(CaOODSP)9.570198 |
| 830 | #0|aDocument de travail ;|vWD1995-11f|w(CaOODSP)9.502069 |
| 856 | 40|ahttp://publications.gc.ca|qPDF|s230 Ko|uhttps://publications.gc.ca/collections/collection_2011/jus/J3-8-1995-11-fra.pdf|yWD1995-11f |